000
00295nam a22001337a 4500
008
170313b xxu||||| |||| 00| 0 eng d
020
_a
9780072348989
041
_a
eng
080
_2
7ED
_a
591
100
_a
7
101
_a
SHM
245
_a
FOUNDATIONS PARASITOLOGY
_c
ROBERTS.L
942
_2
udc
_c
BK
999
_c
7639
_d
7639